000 00261nam a2200097Ia 4500
001 643129
005 20250826153540.0
008 250824s9999 xx 000 0 und d
245 0 _aOLIMPOS KAHRAMANLARI 5/ OLIMPOS UN KANI
_cRICK RIORDAN
260 _bDOĞAN YAYINLARI
999 _c643129
_d643129